书目信息 |
| 题名: |
维修电工职业技能鉴定操作技能试题精编
|
|
| 作者: | 张连华 , 张学君 编 | |
| 分册: | ||
| 出版信息: | 北京 机械工业出版社 2009.08 |
|
| 页数: | 218页 | |
| 开本: | 26cm | |
| 丛书名: | ||
| 单 册: | ||
| 中图分类: | TM07-44 | |
| 科图分类: | ||
| 主题词: | 电工--保养 , 电工--维修 | |
| 电子资源: | ||
| ISBN: | 978-7-111-27564-0 | |
| 000 | 00714nam0 2200217 450 | |
| 001 | 1138752694 | |
| 005 | 20110610104824.88 | |
| 010 | @a978-7-111-27564-0@dCNY30.00 | |
| 100 | @a20110610d2009 km y0chiy0120 ea | |
| 101 | 0 | @achi |
| 102 | @aCN@b110000 | |
| 200 | 1 | @a维修电工职业技能鉴定操作技能试题精编@Awei xiu dian gong zhi ye ji neng jian ding cao zuo ji neng shi ti jing bian@f张连华,张学君编@Fzhang lian hua,zhang xue jun bian |
| 210 | @a北京@c机械工业出版社@d2009.08 | |
| 215 | @a218页@d26cm | |
| 606 | 0 | @a电工@x保养 |
| 606 | 0 | @a电工@x维修 |
| 690 | @aTM07-44@v5 | |
| 701 | 0 | @a张连华@Azhang lian hua@4编 |
| 701 | 0 | @a张学君@Azhang xue jun@4编 |
| 801 | 0 | @aCN@bNISOFT@c20110610 |
| 905 | @aBZT@dTM07-44@e1 | |
| 维修电工职业技能鉴定操作技能试题精编/张连华,张学君编.-北京:机械工业出版社,2009.08 |
| 218页;26cm |
| ISBN 978-7-111-27564-0:CNY30.00 |
| ● |
| 相关链接 |
|
|
|
正题名:维修电工职业技能鉴定操作技能试题精编
索取号:TM07-44/1
 
预约/预借
| 序号 | 登录号 | 条形码 | 馆藏地/架位号 | 状态 | 备注 |
| 1 | 791397 | 2000791397 | 样本书库/样005架B面2层2列/ [索取号:TM07-44/1] | 在馆 | |
| 2 | 791398 | 2000791398 | 中心书库中库/ 中库029架B面2列2层33/ [索取号:TM07-44/1] | 在馆 | |
| 3 | 791399 | 2000791399 | 中心书库中库/ 中库029架B面2列3层44/ [索取号:TM07-44/1] | 在馆 | |
| 4 | 791400 | 2000791400 | 中心书库中库/ 中库029架B面2列3层43/ [索取号:TM07-44/1] | 在馆 | |
| 5 | 791401 | 2000791401 | 中心书库中库/ 中库029架B面2列3层42/ [索取号:TM07-44/1] | 在馆 | |
| 6 | 791402 | 2000791402 | 中心书库中库/ 中库029架B面2列2层34/ [索取号:TM07-44/1] | 在馆 |